000 00883nac a22001811u 4500
008 100719s1910 ua||||||r||| 000 0 ra d
082 _a190
_bب د ر
_222
100 _aبدران، محمد بن فتح الله
_916401
245 _aالفلسفة الحديثة في الميزان :
_bوتاسيس القواعد من القرآن /
_cمحمد بن فتح الله بدران
260 _aالقاهرة :
_bمكتبة القاهرة الحديثة ؛ 1968
_c1968.
300 _a461؛ص
_c24 سم
511 _aCatalogued by: Sara
541 _a؛الف باء
650 _aالفلسفة الحديثة
_915182
650 _aالقرآن والفلسفة
_916515
942 _cBB
_k189 ب د ر
_2ddc
999 _c7510
_d7510